00419nam a22001457a 4500003000900000005001700009008004100026040001300067245003900080250001100119260002000130300002100150490003000171520007200201IT-RoPau20220918181107.0130527b xxu||||| |||| 00| 0 eng d cIT-RoPau aLe nostre mamme.bAntologia minima a1° ed as.l.bSSPc1967 a117 pp.c21,5 cm aEd. Scolastiche San Paolo aIndice Anche Dio ha una mamma L'incanto La lontananza Il rimpianto